Office of Education research reports, 1956-65, ED 002 747-ED 003 960. (Record no. 34727)

MARC details
000 -LEADER
fixed length control field 00802cam a22002531 4500
001 - CONTROL NUMBER
control field hew67000155
003 - CONTROL NUMBER IDENTIFIER
control field DLC
005 - DATE AND TIME OF LATEST TRANSACTION
control field 20260227111516.0
008 - FIXED-LENGTH DATA ELEMENTS--GENERAL INFORMATION
fixed length control field 731112s1967 dcu b f001 0 eng c
010 ## - LIBRARY OF CONGRESS CONTROL NUMBER
LC control number hew67000155
035 ## - SYSTEM CONTROL NUMBER
System control number (OCoLC)739308
040 ## - CATALOGING SOURCE
Original cataloging agency U.S. Dept. of Health, Education, and Welfare. Library
Transcribing agency MWelC
Modifying agency OCoLC
-- DLC
042 ## - AUTHENTICATION CODE
Authentication code premarc
050 00 - LIBRARY OF CONGRESS CALL NUMBER
Classification number Z5814.R4
Item number U5
082 ## - DEWEY DECIMAL CLASSIFICATION NUMBER
Classification number 016.370/78
110 2# - MAIN ENTRY--CORPORATE NAME
Corporate name or jurisdiction name as entry element Educational Research Information Center (U.S.)
245 10 - TITLE STATEMENT
Title Office of Education research reports, 1956-65, ED 002 747-ED 003 960.
260 ## - PUBLICATION, DISTRIBUTION, ETC.
Place of publication, distribution, etc. [Washington,
Name of publisher, distributor, etc. U.S. Govt. Print. Off.,
Date of publication, distribution, etc. 1967]
300 ## - PHYSICAL DESCRIPTION
Extent 2 v.
Dimensions 20 x 27 cm.
500 ## - GENERAL NOTE
General note OE-12028-29.
500 ## - GENERAL NOTE
General note Cover title.
505 0# - FORMATTED CONTENTS NOTE
Formatted contents note [1] Indexes.--[2] Resumes.
650 #0 - SUBJECT ADDED ENTRY--TOPICAL TERM
Topical term or geographic name entry element Education
General subdivision Research
Form subdivision Bibliography.

No items available.

Powered by Koha